000 00411nam a2200145Ia 4500
005 20250430062427.0
008 240331s9999 xx 000 0 und d
082 _bRAJ
_a891
100 _aRajakaruna,A
245 0 _aDahanama vana siyawase sinhala gadya sahithyaya
260 _aColombo
_bLight publishers
_c1994
300 _a258 p .,
500 _aSinhala prose literature of the Nineteenth century
942 _cL
999 _c4921
_d4921